书目信息 |
| 题名: |
大学生自我心理保健
|
|
| 作者: | 景怀斌 主编 | |
| 分册: | ||
| 出版信息: | 广州 中山大学出版社 1998.10 |
|
| 页数: | 294页 | |
| 开本: | 32开 | |
| 丛书名: | ||
| 单 册: | ||
| 中图分类: | B844.2 | |
| 科图分类: | ||
| 主题词: | 发展心理学 | |
| 电子资源: | ||
| ISBN: | 7-306-01445-5 | |
| 000 | 00565nam0 2200193 45 | |
| 001 | 0011211823 | |
| 005 | 20001121184256.9 | |
| 010 | @a7-306-01445-5@d14.80元 | |
| 100 | @a20001121d1998 km y0chiy0120 ea | |
| 101 | 0 | @achi |
| 105 | @a z 000yy | |
| 200 | 1 | @a大学生自我心理保健@ADa Xue Sheng Zi Wo Xin Li Bao Jian@f景怀斌主编@FJing Huai Bin Zhu Bian |
| 210 | @a广州@c中山大学出版社@d1998.10 | |
| 215 | @a294页@d32开 | |
| 606 | 0 | @a发展心理学 |
| 690 | @aB844.2@v3 | |
| 701 | 0 | @a景怀斌@4主编 |
| 801 | @aCN@bPftUser@c20001121 | |
| 905 | @b419530-534@dB844.2@eJ060@f5 | |
| 大学生自我心理保健/景怀斌主编.-广州:中山大学出版社,1998.10 |
| 294页;32开 |
| ISBN 7-306-01445-5:14.80元 |
| ● |
| 相关链接 |
|
|
|
正题名:大学生自我心理保健
索取号:B844.2/J060
 
预约/预借
| 序号 | 登录号 | 条形码 | 馆藏地/架位号 | 状态 | 备注 |
| 1 | 419530 | 204195307 | 社科库509/509社科库 38排2列3层/ [索取号:B844.2/J060] | 在馆 | |
| 2 | 419531 | 204195316 | 社科库509/509社科库 38排2列3层/ [索取号:B844.2/J060] | 在馆 | |
| 3 | 419532 | 204195325 | 社科库509/509社科库 38排2列3层/ [索取号:B844.2/J060] | 在馆 | |
| 4 | 419533 | 204195334 | 社科库509/509社科库 38排2列3层/ [索取号:B844.2/J060] | 在馆 | |
| 5 | 419534 | 204195343 | 社科库509/509社科库 38排2列3层/ [索取号:B844.2/J060] | 在馆 |